[Event "EYCC 2017"]
[Site "Mamaia"]
[Date "2017.09.06"]
[Round "2"]
[White "Burri, Quentin"]
[Black "Chukavin, Kirill"]
[Result "1/2-1/2"]
[WhiteElo "2412"]
[BlackElo "2226"]
[Annotator "TA"]
[PlyCount "173"]
[EventDate "2017.??.??"]
[EventType "swiss"]
[EventCountry "ROU"]
[SourceTitle "playchess.com"]
[Source "ChessBase"]
[SourceQuality "1"]

1. e4 c5 2. Nf3 e6 3. d4 cxd4 4. Nxd4 Nf6 5. Nc3 d6 6. g4 h6 7. Bg2 Nc6 8. h3 a6 9. Nxc6 bxc6 10. e5 Nd5 11. exd6 Bxd6 12. Ne4 O-O 13. Nxd6 Qxd6 14. O-O Qc7 15. Qf3 e5 16. c4 Ne7 17. Rd1 f5 18. g5 hxg5 19. Bxg5 e4 20. Qa3 Ng6 21. Qc5 Qe5 22. Qxc6 Be6 23. Qd6 Rfe8 24. b3 Qxd6 25. Rxd6 Ne5 26. Rb6 Nd7 27. Rb7 Nc5 28. Rc7 Rec8 29. Rxc8+ Rxc8 30. Bf1 a5 31. Be3 Kf7 32. Rb1 Nb7 33. Rc1 Nc5 34. Bxc5 Rxc5 35. a3 g5 36. b4 axb4 37. axb4 Rc8 38. c5 Ke7 39. b5 Bd5 40. c6 Kd6 41. Bc4 Bxc6 42. bxc6 Rxc6 43. Rd1+ Ke5 44. Rd5+ Kf4 45. Bb5 Rf6 46. Kf1 Rh6 47. Bd7 Rf6 48. Ke2 Rf8 49. Kd2 Rf6 50. Kc3 g4 51. h4 g3 52. fxg3+ Kxg3 53. Bxf5 Kxh4 54. Kd4 Ra6 55. Ke3 Ra3+ 56. Kf4 Rf3+ 57. Kxe4 Kg3 58. Rd8 Rf4+ 59. Ke5 Ra4 60. Rd3+ Kf2 61. Be4 Ra7 62. Rb3 Ke2 63. Bd5 Ra4 64. Bc6 Rh4 65. Be4 Rh8 66. Kd4 Rd8+ 67. Bd5 Kf2 68. Rf3+ Ke2 69. Rg3 Kd2 70. Rg2+ Kd1 71. Ke4 Kc1 72. Bc4 Rd2 73. Rg7 Rd8 74. Rb7 Kc2 75. Bd5 Kc3 76. Rc7+ Kd2 77. Kd4 Kd1 78. Rc3 Kd2 79. Rc5 Rd7 80. Ra5 Rd8 81. Ra2+ Kd1 82. Rb2 Kc1 83. Rh2 Kd1 84. Rg2 Rd7 85. Rg4 Kd2 86. Rh4 Rd8 87. Rh2+ 1/2-1/2

[Event "EYCC 2017"]
[Site "Mamaia"]
[Date "2017.09.06"]
[Round "2"]
[White "Kouskoutis, Georgios-Alexandros"]
[Black "Santos Ruiz, Miguel"]
[Result "1/2-1/2"]
[WhiteElo "2314"]
[BlackElo "2505"]
[Annotator "TA"]
[PlyCount "32"]
[EventDate "2017.??.??"]
[EventType "swiss"]
[EventCountry "ROU"]
[SourceTitle "playchess.com"]
[Source "ChessBase"]
[SourceQuality "1"]

1. e4 c5 2. Nf3 d6 3. d4 cxd4 4. Nxd4 Nf6 5. Nc3 a6 6. Bg5 Nbd7 7. f4 Qa5 8. Nb3 Qc7 9. Be2 e6 10. f5 e5 11. g4 h6 12. Bxf6 Nxf6 13. Qd3 b5 14. a3 Bb7 15. O-O-O Rc8 16. Kb1 Be7 1/2-1/2

[Event "EYCC 2017"]
[Site "Mamaia"]
[Date "2017.09.06"]
[Round "2"]
[White "Nowak, Kamil"]
[Black "Livaic, Leon"]
[Result "0-1"]
[WhiteElo "2314"]
[BlackElo "2461"]
[Annotator "TA"]
[PlyCount "74"]
[EventDate "2017.??.??"]
[EventType "swiss"]
[EventCountry "ROU"]
[SourceTitle "playchess.com"]
[Source "ChessBase"]
[SourceQuality "1"]

1. e4 e6 2. d4 d5 3. Nc3 Bb4 4. e5 c5 5. a3 Bxc3+ 6. bxc3 Ne7 7. h4 Qa5 8. Bd2 Qa4 9. h5 h6 10. Nf3 Nbc6 11. Bd3 c4 12. Be2 Bd7 13. O-O O-O-O 14. g3 Kb8 15. Nh4 Rdg8 16. Bg4 Nc8 17. f4 g6 18. Kh2 Nb6 19. Ng2 Qa5 20. a4 Ne7 21. Ne3 Nf5 22. Bxf5 gxf5 23. Ra2 Rg7 24. Qa1 Rhg8 25. Rg1 Nxa4 26. Bc1 Ka8 27. Nd1 Qd8 28. Kh3 Qe8 29. Nf2 f6 30. g4 fxe5 31. dxe5 Bc6 32. Be3 d4 33. Rxa4 Bxa4 34. Bxd4 fxg4+ 35. Kg3 Qc6 36. Qd1 Qf3+ 37. Qxf3 gxf3+ 0-1

[Event "EYCC 2017"]
[Site "Mamaia"]
[Date "2017.09.06"]
[Round "2"]
[White "Koziol, Kamil"]
[Black "Plenca, Jadranko"]
[Result "1/2-1/2"]
[WhiteElo "2313"]
[BlackElo "2440"]
[Annotator "TA"]
[PlyCount "36"]
[EventDate "2017.??.??"]
[EventType "swiss"]
[EventCountry "ROU"]
[SourceTitle "playchess.com"]
[Source "ChessBase"]
[SourceQuality "1"]

1. d4 Nf6 2. c4 e6 3. Nc3 Bb4 4. Qc2 d5 5. a3 Bxc3+ 6. Qxc3 dxc4 7. Qxc4 b6 8. Nf3 Ba6 9. Qc2 O-O 10. Bf4 Qd5 11. Rc1 Rc8 12. g3 c5 13. Bg2 Bb7 14. O-O Na6 15. dxc5 Nxc5 16. Rfd1 Qe4 17. Qxe4 Bxe4 18. Nd4 Bxg2 1/2-1/2

[Event "EYCC 2017"]
[Site "Mamaia"]
[Date "2017.09.06"]
[Round "2"]
[White "Lopez Mulet, Inigo"]
[Black "Drygalov, Sergey"]
[Result "1/2-1/2"]
[WhiteElo "2302"]
[BlackElo "2415"]
[Annotator "TA"]
[PlyCount "52"]
[EventDate "2017.??.??"]
[EventType "swiss"]
[EventCountry "ROU"]
[SourceTitle "playchess.com"]
[Source "ChessBase"]
[SourceQuality "1"]

1. d4 d5 2. c4 c6 3. cxd5 cxd5 4. Bg5 Nc6 5. Nc3 Nf6 6. Bxf6 gxf6 7. e3 f5 8. g3 e6 9. Nf3 a6 10. Rc1 Bd7 11. Bd3 b5 12. O-O Bg7 13. Nd2 Na5 14. Nb3 Nxb3 15. Qxb3 Qa5 16. Ne2 O-O 17. a3 Rfc8 18. Nf4 Bf8 19. h3 Bd6 20. Rxc8+ Rxc8 21. Qd1 Qd8 22. Qe2 Kh8 23. Kh2 Qf6 24. Qd2 Rg8 25. Rg1 Qd8 26. Qe2 Qf6 1/2-1/2

[Event "EYCC 2017"]
[Site "Mamaia"]
[Date "2017.09.06"]
[Round "2"]
[White "Gatineau, Yovann"]
[Black "Esipenko, Andrey"]
[Result "0-1"]
[WhiteElo "2277"]
[BlackElo "2540"]
[Annotator "TA"]
[PlyCount "74"]
[EventDate "2017.??.??"]
[EventType "swiss"]
[EventCountry "ROU"]
[SourceTitle "playchess.com"]
[Source "ChessBase"]
[SourceQuality "1"]

1. d4 Nf6 2. Nf3 e6 3. c4 b6 4. g3 Ba6 5. Qc2 c5 6. d5 exd5 7. cxd5 Bb7 8. Bg2 Nxd5 9. O-O Nc6 10. Rd1 Be7 11. Qf5 Nf6 12. Nc3 d6 13. Bf4 O-O 14. Rd2 g6 15. Qc2 d5 16. Ne5 Nd4 17. Qa4 Qe8 18. Qd1 Kg7 19. e3 Ne6 20. Ng4 Nxf4 21. gxf4 Ne4 22. Rd3 c4 23. Rd4 Nxc3 24. bxc3 f6 25. h3 Bc5 26. Rd2 Rd8 27. Bxd5 Qd7 28. e4 h5 29. Nh2 Bxd5 30. Rxd5 Qc7 31. Qf3 Rxd5 32. exd5 Bd6 33. Re1 Bxf4 34. Nf1 Be5 35. Ng3 Rd8 36. Ne4 Qf7 37. Nd2 b5 0-1

[Event "EYCC 2017"]
[Site "Mamaia"]
[Date "2017.09.06"]
[Round "2"]
[White "Mustafin, Andrey"]
[Black "Hakobyan, Aram"]
[Result "0-1"]
[WhiteElo "2262"]
[BlackElo "2472"]
[Annotator "TA"]
[PlyCount "155"]
[EventDate "2017.??.??"]
[EventType "swiss"]
[EventCountry "ROU"]
[SourceTitle "playchess.com"]
[Source "ChessBase"]
[SourceQuality "1"]

1. Nf3 g6 2. e4 Bg7 3. d4 d6 4. Be2 Nf6 5. Nc3 O-O 6. O-O Nc6 7. d5 Nb8 8. Nd4 c5 9. dxc6 Nxc6 10. Be3 Bd7 11. f4 Qb6 12. Qd3 Qxb2 13. Rab1 Qa3 14. Rxb7 Na5 15. Ndb5 Bxb5 16. Rxb5 Nc6 17. Rb3 Qa5 18. Nd5 Rac8 19. Ra3 Qd8 20. c3 Nd7 21. Nb4 a5 22. Nxc6 Rxc6 23. Rd1 Nc5 24. Qb5 Qc7 25. Bf3 Rb8 26. Qxa5 Qc8 27. Qa7 e6 28. Bxc5 Rxc5 29. Qa6 Bxc3 30. Qxc8+ Rcxc8 31. Rb3 Rxb3 32. axb3 Bb4 33. Be2 Rc2 34. Bc4 h5 35. g3 Kg7 36. Kh1 Rb2 37. Rd3 Bc5 38. Rd1 Kf6 39. Re1 Ke7 40. Re2 Rb1+ 41. Kg2 Rg1+ 42. Kf3 Rc1 43. Rd2 Rc3+ 44. Kg2 Be3 45. Re2 f5 46. exf5 d5 47. Ba6 gxf5 48. Rb2 d4 49. Bc4 d3 50. Rb1 Rc2+ 51. Kh3 d2 52. Rd1 Rc1 53. Be2 Rc3 54. Kg2 h4 55. Bc4 h3+ 56. Kf1 Rc1 57. Ke2 Kf6 58. Bd3 Rxd1 59. Kxd1 Bg1 60. Bf1 Bxh2 61. Bxh3 Bxg3 62. Kxd2 Bxf4+ 63. Ke2 Bd6 64. Bg2 e5 65. Bh1 e4 66. Bg2 Ke5 67. Bh3 Bb4 68. Kf2 Kf4 69. Ke2 Ba3 70. Kf2 Bc5+ 71. Ke2 Kg5 72. Kf1 f4 73. Bd7 f3 74. Bc6 Kf4 75. Bd5 Bb4 76. Bc4 e3 77. Bb5 Ke5 78. Ba6 0-1

[Event "EYCC 2017"]
[Site "Mamaia"]
[Date "2017.09.06"]
[Round "2"]
[White "Ewert, Hannes"]
[Black "Fakhrutdinov, Timur"]
[Result "1/2-1/2"]
[WhiteElo "2261"]
[BlackElo "2441"]
[Annotator "TA"]
[PlyCount "112"]
[EventDate "2017.??.??"]
[EventType "swiss"]
[EventCountry "ROU"]
[SourceTitle "playchess.com"]
[Source "ChessBase"]
[SourceQuality "1"]

1. e4 e5 2. Nf3 Nc6 3. Bb5 Nf6 4. O-O Nxe4 5. d4 Nd6 6. Bxc6 dxc6 7. dxe5 Nf5 8. Qxd8+ Kxd8 9. h3 Be7 10. Nc3 Nh4 11. Nxh4 Bxh4 12. Be3 h5 13. Ne4 Be7 14. Rad1+ Ke8 15. Rfe1 Bf5 16. Bf4 Rd8 17. Nd6+ cxd6 18. exd6 Be6 19. dxe7 Kxe7 20. h4 f6 21. f3 Kf7 22. Kf2 Rhe8 23. a3 c5 24. Rd2 Rxd2+ 25. Bxd2 Rd8 26. Be3 b6 27. Rc1 Rd7 28. b4 cxb4 29. axb4 Bc4 30. c3 Ke6 31. Bd4 Kd6 32. Ke3 Kc6 33. g4 hxg4 34. fxg4 Kb5 35. g5 fxg5 36. hxg5 Re7+ 37. Kf4 Bd3 38. Rd1 Kc4 39. Ra1 g6 40. Bf6 Rh7 41. Ra3 Kb5 42. Bd4 Bf5 43. Ke5 Rf7 44. Kd6 Rd7+ 45. Ke5 Bc2 46. Ra2 Bb3 47. Rf2 Rf7 48. Rxf7 Bxf7 49. Ke4 Kc4 50. Ke3 Kb3 51. Kd2 Bc4 52. Kc1 Bd3 53. Be5 a5 54. bxa5 bxa5 55. c4 Bxc4 56. Kb1 a4 1/2-1/2

[Event "EYCC 2017"]
[Site "Mamaia"]
[Date "2017.09.06"]
[Round "2"]
[White "Hurdzan, Tomas"]
[Black "Matviishen, Viktor"]
[Result "0-1"]
[WhiteElo "2223"]
[BlackElo "2431"]
[Annotator "TA"]
[PlyCount "90"]
[EventDate "2017.??.??"]
[EventType "swiss"]
[EventCountry "ROU"]
[SourceTitle "playchess.com"]
[Source "ChessBase"]
[SourceQuality "1"]

1. e4 e5 2. Nf3 Nc6 3. Bb5 Nf6 4. d3 Bc5 5. c3 O-O 6. O-O d6 7. Nbd2 a6 8. Ba4 Ba7 9. h3 h6 10. Re1 Nh5 11. Nf1 Qf6 12. Bb3 Ne7 13. d4 Nf4 14. Be3 Neg6 15. Ng3 Re8 16. Rc1 c5 17. Rc2 b5 18. Rd2 exd4 19. cxd4 c4 20. Bc2 Bb7 21. Kh2 Bb8 22. Qb1 Bc7 23. b4 h5 24. d5 Ne5 25. Nxe5 Qxe5 26. Kg1 g6 27. Ne2 Nxe2+ 28. Rexe2 a5 29. Bd4 Qg5 30. a3 axb4 31. axb4 Ra3 32. Qb2 Rea8 33. Bf6 Qf4 34. g3 Qf3 35. Qd4 Ra1+ 36. Qxa1 Rxa1+ 37. Bxa1 Bb6 38. Re1 Bc8 39. e5 Qxg3+ 40. Kh1 Qxh3+ 41. Kg1 Qg3+ 42. Kf1 Bh3+ 43. Ke2 Bg4+ 44. Kf1 Qh3+ 45. Kg1 Bf3 0-1

[Event "EYCC 2017"]
[Site "Mamaia"]
[Date "2017.09.06"]
[Round "2"]
[White "Galiana Fernandez, Adrian"]
[Black "Gaifullin, Artur"]
[Result "1/2-1/2"]
[WhiteElo "2205"]
[BlackElo "2413"]
[Annotator "TA"]
[PlyCount "96"]
[EventDate "2017.??.??"]
[EventType "swiss"]
[EventCountry "ROU"]
[SourceTitle "playchess.com"]
[Source "ChessBase"]
[SourceQuality "1"]

1. e4 e5 2. Nf3 Nc6 3. Bb5 Nf6 4. O-O Nxe4 5. Re1 Nd6 6. Nxe5 Be7 7. Bd3 Nxe5 8. Rxe5 O-O 9. Nc3 Bf6 10. Re1 g6 11. Nd5 Bg7 12. Ne7+ Kh8 13. Nxc8 Nxc8 14. c3 d5 15. Bf1 c5 16. g3 Nd6 17. d3 a5 18. Bg2 d4 19. c4 a4 20. h4 Ra7 21. a3 b5 22. cxb5 Nxb5 23. Qc2 Qb6 24. Bg5 Rc8 25. Bh3 f5 26. h5 Bf6 27. Qd2 Rf7 28. Bf4 Rg8 29. Bg2 Rd7 30. Rac1 Rc8 31. hxg6 hxg6 32. Rc4 Ra7 33. Bd5 Qd8 34. Be6 Rc6 35. Rcc1 Kg7 36. Bc4 Nc7 37. Kg2 Nd5 38. Bh6+ Kf7 39. Bb5 Qb6 40. Bc4 Rd6 41. Qe2 Qc6 42. Qf3 Ra8 43. Rh1 Rd7 44. Bg5 Bxg5 45. Rh7+ Kf6 46. Rxd7 Qxd7 47. Bxd5 Bxc1 48. Bxa8 Bxb2 1/2-1/2

[Event "EYCC 2017"]
[Site "Mamaia"]
[Date "2017.09.06"]
[Round "2"]
[White "Ilyuchyk, Yana"]
[Black "Garcia Martin, Marta"]
[Result "0-1"]
[WhiteElo "2036"]
[BlackElo "2360"]
[Annotator "NA"]
[PlyCount "124"]
[EventDate "2017.??.??"]
[EventType "swiss"]
[EventCountry "ROU"]
[SourceTitle "playchess.com"]
[Source "ChessBase"]
[SourceQuality "1"]

1. e4 e5 2. Nf3 Nc6 3. d4 exd4 4. Nxd4 Nf6 5. Nxc6 bxc6 6. e5 Nd5 7. c4 Nb6 8. Bd3 Qh4 9. O-O Bb7 10. Nc3 Be7 11. Ne4 c5 12. Re1 O-O-O 13. Ng3 g6 14. Be4 Ba6 15. b3 d6 16. exd6 Bf6 17. Bf5+ gxf5 18. Nxf5 Rxd6 19. Nxd6+ cxd6 20. Qxd6 Rd8 21. Qc6+ Kb8 22. g3 Bb7 23. gxh4 Bxc6 24. Bf4+ Kb7 25. Rad1 Rg8+ 26. Bg3 Nc8 27. Kf1 Bc3 28. Re3 Bd4 29. Red3 Rg4 30. f3 Rg6 31. Kg2 Re6 32. R1d2 Ne7 33. Bf2 Nf5 34. Bxd4 cxd4 35. Kf2 Rh6 36. Rxd4 Nxd4 37. Rxd4 Rf6 38. Rd3 Kb6 39. a3 Kc5 40. Kg3 Rg6+ 41. Kf4 Rg2 42. Re3 Rb2 43. Kg5 Kd4 44. Re7 Rxb3 45. Rc7 Bxf3 46. Rxa7 Rb7 47. Ra6 Be4 48. Rf6 Kxc4 49. h5 Kd4 50. a4 Ke5 51. a5 Ra7 52. h4 Rxa5 53. Rxf7 Ke6+ 54. Kh6 Rxh5+ 55. Kg7 Rxh4 56. Ra7 Ke5 57. Ra1 Kf4 58. Rf1+ Bf3 59. Ra1 h5 60. Kh6 Rg4 61. Rf1 h4 62. Ra1 h3 0-1

[Event "EYCC 2017"]
[Site "Mamaia"]
[Date "2017.09.06"]
[Round "2"]
[White "Ciolacu, Alessia-Mihaela"]
[Black "Jarocka, Liwia"]
[Result "1-0"]
[WhiteElo "1787"]
[BlackElo "1970"]
[Annotator "NA"]
[PlyCount "91"]
[EventDate "2017.??.??"]
[EventType "swiss"]
[EventCountry "ROU"]
[SourceTitle "playchess.com"]
[Source "ChessBase"]
[SourceQuality "1"]

1. d4 Nf6 2. c4 g6 3. Nc3 Bg7 4. e4 d6 5. Be2 O-O 6. Be3 c6 7. g4 d5 8. cxd5 cxd5 9. e5 Ne4 10. h4 Nxc3 11. bxc3 f6 12. f4 Nc6 13. h5 Rf7 14. hxg6 hxg6 15. Bd3 f5 16. Nf3 e6 17. Ng5 Rc7 18. Qe2 Ne7 19. Bd2 Kf8 20. Nh7+ Kf7 21. Qh2 Ng8 22. Ng5+ Kf8 23. Qh4 Qe7 24. Qh7 Qe8 25. c4 a5 26. Bc1 b5 27. cxb5 Rc3 28. Kd2 Rxd3+ 29. Kxd3 Qxb5+ 30. Ke3 Qb4 31. Bd2 Qa3+ 32. Kf2 Qb2 33. Rad1 Ne7 34. gxf5 exf5 35. Qh3 Qxd4+ 36. Qe3 Qc4 37. Rc1 Qxa2 38. Rc7 Qb2 39. Nh7+ Ke8 40. Nf6+ Kf8 41. Rb1 Qa2 42. Rxe7 Kxe7 43. Qc5+ Kf7 44. Qc7+ Kf8 45. Qd8+ Kf7 46. Qe8# 1-0

[Event "EYCC 2017"]
[Site "Mamaia"]
[Date "2017.09.07"]
[Round "3"]
[White "Esipenko, Andrey"]
[Black "Travadon, Loic"]
[Result "1/2-1/2"]
[WhiteElo "2540"]
[BlackElo "2342"]
[Annotator "TA"]
[PlyCount "115"]
[EventDate "2017.??.??"]
[EventType "swiss"]
[EventCountry "ROU"]
[SourceTitle "playchess.com"]
[Source "ChessBase"]
[SourceQuality "1"]

1. d4 Nf6 2. c4 g6 3. Nc3 Bg7 4. e4 d6 5. Nf3 O-O 6. h3 Nc6 7. d5 Nb4 8. Be2 e6 9. Be3 Re8 10. Qd2 exd5 11. exd5 a5 12. O-O Ne4 13. Nxe4 Rxe4 14. a3 Na6 15. Bd3 Re8 16. b4 Bxa1 17. Rxa1 Rxe3 18. Qxe3 Bd7 19. Rb1 axb4 20. axb4 Qf6 21. Qd4 Kg7 22. g4 Re8 23. Kg2 Qxd4 24. Nxd4 Kf6 25. Nf3 h6 26. Kg3 Rb8 27. Nd4 Ke5 28. Nb5 Ra8 29. f4+ Kf6 30. Kf3 Ke7 31. Nd4 Nb8 32. Ke3 Ra2 33. Nc2 Ba4 34. Kd2 Nd7 35. Kc3 g5 36. Re1+ Kf8 37. Rf1 gxf4 38. Rxf4 Ne5 39. Bf5 Ke7 40. c5 Bxc2 41. Bxc2 dxc5 42. bxc5 Ra3+ 43. Bb3 Nd3 44. d6+ cxd6 45. cxd6+ Ke8 46. d7+ Kd8 47. Rxf7 Nc5 48. Kb4 Rxb3+ 49. Kxc5 Rxh3 50. Rh7 Rd3 51. Rxh6 Kxd7 52. Rh7+ Ke6 53. Rxb7 Kf6 54. Rb5 Rc3+ 55. Kd4 Rg3 56. g5+ Rxg5 57. Rxg5 Kxg5 58. Ke4 1/2-1/2

[Event "EYCC 2017"]
[Site "Mamaia"]
[Date "2017.09.07"]
[Round "3"]
[White "Santos Ruiz, Miguel"]
[Black "Tokranovs, Dmitrijs"]
[Result "1/2-1/2"]
[WhiteElo "2505"]
[BlackElo "2334"]
[Annotator "TA"]
[PlyCount "77"]
[EventDate "2017.??.??"]
[EventType "swiss"]
[EventCountry "ROU"]
[SourceTitle "playchess.com"]
[Source "ChessBase"]
[SourceQuality "1"]

1. d4 Nf6 2. Nf3 e6 3. c4 b6 4. g3 Ba6 5. Qc2 c5 6. d5 exd5 7. cxd5 Bb7 8. Bg2 Nxd5 9. O-O Be7 10. Rd1 Nf6 11. Nc3 O-O 12. e4 Nc6 13. e5 Ne8 14. Nd5 h6 15. Bf4 Nc7 16. Nxe7+ Nxe7 17. Rd6 Nb5 18. Rd2 Bxf3 19. Bxf3 Nd4 20. Qe4 Nxf3+ 21. Qxf3 Ng6 22. Rad1 Qe8 23. Qe4 Qe6 24. b3 Rad8 25. Rd6 Qe7 26. Qf5 Nxf4 27. gxf4 Qh4 28. R1d3 Rfe8 29. Rxd7 Rxd7 30. Rxd7 Rf8 31. h3 a5 32. Kg2 a4 33. bxa4 g6 34. Qe4 Re8 35. Rb7 g5 36. Rxf7 Kxf7 37. Qf5+ Kg8 38. Qg6+ Kf8 39. Qf6+ 1/2-1/2

[Event "EYCC 2017"]
[Site "Mamaia"]
[Date "2017.09.07"]
[Round "3"]
[White "Dragnev, Valentin"]
[Black "Kouskoutis, Georgios-Alexandros"]
[Result "0-1"]
[WhiteElo "2483"]
[BlackElo "2314"]
[Annotator "TA"]
[PlyCount "114"]
[EventDate "2017.??.??"]
[EventType "swiss"]
[EventCountry "ROU"]
[SourceTitle "playchess.com"]
[Source "ChessBase"]
[SourceQuality "1"]

1. e4 c5 2. Nf3 e6 3. d4 cxd4 4. Nxd4 Nc6 5. Nc3 Qc7 6. Be3 a6 7. Qf3 Nf6 8. O-O-O Nxd4 9. Bxd4 e5 10. Qg3 d6 11. Be3 Be6 12. Bg5 Be7 13. Bxf6 Bxf6 14. Nd5 Bxd5 15. Rxd5 O-O 16. Be2 b5 17. Qb3 Qb6 18. Rf1 Ra7 19. Kb1 Rc8 20. g3 Rac7 21. Bg4 Rf8 22. Be2 Rfc8 23. Rd2 h6 24. h4 Rb8 25. Qf3 a5 26. Rfd1 Be7 27. Bf1 a4 28. Rd5 Qc6 29. R5d2 b4 30. b3 Qc3 31. Qd3 Ra8 32. Be2 g5 33. h5 g4 34. Bxg4 Bg5 35. Re2 axb3 36. cxb3 Qxd3+ 37. Rxd3 Rc1+ 38. Kb2 Ra6 39. Bd7 Ra7 40. Bb5 Rac7 41. Bc4 Rh1 42. Rxd6 Rxh5 43. Rg6+ Kf8 44. Rb6 Be7 45. Rb8+ Kg7 46. Kc2 Rh2 47. Rd2 Bg5 48. Re2 Be7 49. Kd2 Rd7+ 50. Ke3 Bc5+ 51. Kf3 Rd6 52. g4 Bxf2 53. Rxf2 Rf6+ 54. Ke3 Rfxf2 55. Rxb4 Rxa2 56. Bf1 Rh1 57. Be2 Re1 0-1

[Event "EYCC 2017"]
[Site "Mamaia"]
[Date "2017.09.07"]
[Round "3"]
[White "Hakobyan, Aram"]
[Black "Zarubitski, Viachaslau"]
[Result "1-0"]
[WhiteElo "2472"]
[BlackElo "2325"]
[Annotator "TA"]
[PlyCount "105"]
[EventDate "2017.??.??"]
[EventType "swiss"]
[EventCountry "ROU"]
[SourceTitle "playchess.com"]
[Source "ChessBase"]
[SourceQuality "1"]

1. e4 e5 2. Nf3 Nf6 3. Nxe5 d6 4. Nf3 Nxe4 5. d3 Nf6 6. d4 d5 7. Bd3 Bd6 8. Qe2+ Qe7 9. Qxe7+ Kxe7 10. O-O Re8 11. Nc3 c6 12. Ne5 Nbd7 13. f4 Kf8 14. Bd2 Bc7 15. Rae1 Bb6 16. Nf3 Rxe1 17. Rxe1 Kg8 18. g4 Nf8 19. g5 Bg4 20. Kg2 Bxf3+ 21. Kxf3 Ne8 22. Ne2 Ne6 23. c3 g6 24. Ng3 Bc7 25. f5 Bxg3 26. Kxg3 gxf5 27. Bxf5 Nd6 28. Bd3 Re8 29. Kg4 Kg7 30. h4 Nf8 31. Rxe8 Nxe8 32. Bf4 f6 33. Bf5 b6 34. Bb8 a5 35. Ba7 Nd6 36. Bxb6 Nxf5 37. Kxf5 fxg5 38. Bxa5 gxh4 39. Bc7 Kf7 40. Bd6 h3 41. Kg4 Ke6 42. Bh2 Nd7 43. Kxh3 Nb6 44. b3 Kf5 45. Bc7 Na8 46. Ba5 Ke4 47. Kg4 Kd3 48. Kf4 h5 49. Kg5 Kc2 50. Kxh5 Kb2 51. c4 Kxa2 52. cxd5 Kxb3 53. d6 1-0

[Event "EYCC 2017"]
[Site "Mamaia"]
[Date "2017.09.07"]
[Round "3"]
[White "Livaic, Leon"]
[Black "Lagunow, Raphael"]
[Result "1-0"]
[WhiteElo "2461"]
[BlackElo "2357"]
[Annotator "TA"]
[PlyCount "57"]
[EventDate "2017.??.??"]
[EventType "swiss"]
[EventCountry "ROU"]
[SourceTitle "playchess.com"]
[Source "ChessBase"]
[SourceQuality "1"]

1. d4 d5 2. c4 c6 3. Nf3 Nf6 4. Nc3 e6 5. Bg5 dxc4 6. e4 b5 7. a4 Qb6 8. Bxf6 gxf6 9. Be2 Bb7 10. O-O Nd7 11. axb5 cxb5 12. b3 Rc8 13. bxc4 bxc4 14. Rb1 Qc7 15. d5 Ba8 16. dxe6 fxe6 17. Nd4 Ke7 18. Bg4 f5 19. exf5 e5 20. Ndb5 Qc5 21. Bf3 Bxf3 22. Qxf3 a6 23. Ne4 Qxb5 24. Rxb5 axb5 25. Rd1 Bg7 26. Qa3+ Kd8 27. Nd6 Bf8 28. Qa5+ Rc7 29. Nf7+ 1-0

[Event "EYCC 2017"]
[Site "Mamaia"]
[Date "2017.09.07"]
[Round "3"]
[White "Fakhrutdinov, Timur"]
[Black "Galiana Fernandez, Adrian"]
[Result "1-0"]
[WhiteElo "2441"]
[BlackElo "2205"]
[Annotator "TA"]
[PlyCount "57"]
[EventDate "2017.??.??"]
[EventType "swiss"]
[EventCountry "ROU"]
[SourceTitle "playchess.com"]
[Source "ChessBase"]
[SourceQuality "1"]

1. e4 c5 2. Nf3 Nc6 3. d4 cxd4 4. Nxd4 g6 5. Nc3 Bg7 6. Nb3 d6 7. Be2 Be6 8. O-O Bxc3 9. bxc3 Nf6 10. Bd3 O-O 11. f4 d5 12. e5 Qb6+ 13. Kh1 Ne4 14. Qe1 Bf5 15. Be3 Qc7 16. Qh4 f6 17. c4 Nb4 18. cxd5 Nxc2 19. Rac1 Ng3+ 20. Qxg3 Bxd3 21. Rfd1 fxe5 22. fxe5 Be4 23. Nc5 Bf5 24. Bg1 Qa5 25. e6 Qxa2 26. Qe5 Rfc8 27. Rd2 b6 28. Rdxc2 Bxc2 29. Bd4 1-0

[Event "EYCC 2017"]
[Site "Mamaia"]
[Date "2017.09.07"]
[Round "3"]
[White "Plenca, Jadranko"]
[Black "Lopez Mulet, Inigo"]
[Result "1/2-1/2"]
[WhiteElo "2440"]
[BlackElo "2302"]
[Annotator "TA"]
[PlyCount "84"]
[EventDate "2017.??.??"]
[EventType "swiss"]
[EventCountry "ROU"]
[SourceTitle "playchess.com"]
[Source "ChessBase"]
[SourceQuality "1"]

1. e4 e6 2. d4 d5 3. Nd2 c5 4. Ngf3 cxd4 5. Nxd4 Nf6 6. exd5 a6 7. Be2 Qxd5 8. Nc4 Nbd7 9. O-O Be7 10. b3 Qc5 11. Ba3 Qc7 12. Bxe7 Kxe7 13. Bf3 Nb6 14. Qc1 Nxc4 15. bxc4 Rd8 16. Qa3+ Qd6 17. c5 Qc7 18. Nb5 axb5 19. Qxa8 Qxc5 20. Bxb7 Bd7 21. Qa5 Rb8 22. Bf3 g5 23. a4 g4 24. Be2 Nd5 25. axb5 Nf4 26. Rfe1 Nxe2+ 27. Rxe2 Rxb5 28. Qe1 h5 29. Rd2 Bc6 30. Qe3 Qxe3 31. fxe3 f5 32. Rc1 Rb2 33. Kf2 h4 34. g3 h3 35. Ke2 Be4 36. c4 Rb3 37. Ra2 Kd6 38. c5+ Kc6 39. Ra6+ Kc7 40. Rb6 Ra3 41. Rb2 Kc6 42. Kf2 Bd5 1/2-1/2

[Event "EYCC 2017"]
[Site "Mamaia"]
[Date "2017.09.07"]
[Round "3"]
[White "Gaifullin, Artur"]
[Black "Martinovici, Ilie"]
[Result "1-0"]
[WhiteElo "2413"]
[BlackElo "2197"]
[Annotator "TA"]
[PlyCount "48"]
[EventDate "2017.??.??"]
[EventType "swiss"]
[EventCountry "ROU"]
[SourceTitle "playchess.com"]
[Source "ChessBase"]
[SourceQuality "1"]

1. Nf3 Nf6 2. c4 e6 3. g3 d5 4. Bg2 Be7 5. O-O O-O 6. d4 c6 7. Qc2 Nbd7 8. Rd1 b6 9. Nbd2 Ba6 10. b3 c5 11. Bb2 cxd4 12. Nxd4 Rc8 13. Rac1 b5 14. Qb1 bxc4 15. bxc4 Nc5 16. cxd5 Nxd5 17. N2b3 Nxb3 18. axb3 Qb6 19. Bxd5 exd5 20. Nf5 Bf6 21. Rxd5 Rxc1+ 22. Qxc1 Bc8 23. Ba3 Rd8 24. Rxd8+ Bxd8 1-0

[Event "EYCC 2017"]
[Site "Mamaia"]
[Date "2017.09.07"]
[Round "3"]
[White "Perez Garcia, Alejandro"]
[Black "Deac, Bogdan-Daniel"]
[Result "0-1"]
[WhiteElo "2361"]
[BlackElo "2559"]
[Annotator "TA"]
[PlyCount "78"]
[EventDate "2017.??.??"]
[EventType "swiss"]
[EventCountry "ROU"]
[SourceTitle "playchess.com"]
[Source "ChessBase"]
[SourceQuality "1"]

1. d4 Nf6 2. c4 e6 3. g3 c5 4. d5 exd5 5. cxd5 d6 6. Nc3 g6 7. Bg2 Bg7 8. Nf3 O-O 9. O-O Re8 10. Bf4 Bf5 11. Nd2 Nh5 12. e4 Nxf4 13. gxf4 Bd7 14. Qb3 Qc7 15. Nc4 Bh6 16. e5 Bxf4 17. e6 fxe6 18. dxe6 Bxe6 19. Rfe1 Nc6 20. Bd5 Bxd5 21. Nxd5 Qf7 22. Nf6+ Qxf6 23. Nxd6+ Kf8 24. Nxe8 Rxe8 25. Rxe8+ Kxe8 26. Qg8+ Kd7 27. Qxh7+ Ne7 28. Rd1+ Bd6 29. Qh3+ Kc7 30. Qc3 Qxc3 31. bxc3 c4 32. Kg2 Be5 33. h4 Bxc3 34. Rc1 Nd5 35. Kf3 b5 36. Ke4 Kc6 37. Rd1 Ne7 38. f4 Bf6 39. Rh1 Nf5 0-1

[Event "EYCC 2017"]
[Site "Mamaia"]
[Date "2017.09.07"]
[Round "3"]
[White "Bykov, Oleg"]
[Black "Van Foreest, Lucas"]
[Result "1/2-1/2"]
[WhiteElo "2336"]
[BlackElo "2485"]
[Annotator "TA"]
[PlyCount "51"]
[EventDate "2017.??.??"]
[EventType "swiss"]
[EventCountry "ROU"]
[SourceTitle "playchess.com"]
[Source "ChessBase"]
[SourceQuality "1"]

1. c4 c5 2. g3 g6 3. Bg2 Bg7 4. Nc3 Nc6 5. e3 e6 6. Nge2 Nge7 7. O-O O-O 8. d4 cxd4 9. exd4 d5 10. cxd5 Nxd5 11. Nxd5 exd5 12. Be3 Bg4 13. h3 Bxe2 14. Qxe2 Qa5 15. Rfd1 Rac8 16. Qd2 Qxd2 17. Rxd2 Ne7 18. Bg5 f6 19. Re1 Rc7 20. Bf4 Rd7 21. Bd6 Rxd6 22. Rxe7 Rf7 23. Re8+ Rf8 24. Re7 Rf7 25. Re8+ Rf8 26. Re7 1/2-1/2